000 00607nam a2200181 4500
001 121210
003 ES-MaACL
005 20230906191718.0
007 t|
008 070214s1958 cu r ||||1| spa d
100 1 _aPonte Domínguez, Francisco J.
_993053
245 1 0 _aHistoria de la guerra de los diez años /
_cFrancisco J. Ponte Domínguez.
260 _aLa Habana :
_b[s.n.],
_c1958 (
_fImp. El Siglo XX)
300 _aX, 481 p. ;
_c25 cm.
500 _aPrecede al Tit : Academia de la Historia de Cuba.
710 2 _aAcademia de la Historia de Cuba.
_91183
852 _aES-MaACL
_jC-17934
_bR.45307
999 _c121210
_d121210